Vyhliadka a vinárstvo, Pezinok

Na minha lista:
Detalhes bibliográficos
Autor principal: Mišových, Samuel (Author)
Outros Autores: Bátor, Jozef (Thesis advisor)
Formato: Manuscrito Livro
Idioma:eslovaco
Publicado em: 2024
Assuntos:
Acesso em linha:http://is.stuba.sk/zp/portal_zp.pl?podrobnosti=161923
Tags: Adicionar Tag
Sem tags, seja o primeiro a adicionar uma tag!

MARC

LEADER 00000ntm a22000003a 4500
001 stuzp99988
003 SK-STU
005 20240615211721.7
007 ta
008 150427s2015----xo-----f-mn---000-0-slo-d
040 |a STU  |b slo 
041 0 |a slo 
100 1 |a Mišových, Samuel  |u 058180  |4 aut  |U FAD Fakulta architektúry a dizajnu  |T FAD Ústav architektúry občianskych budov  |X 110183  |U A8180  |Y 399  |7 110183 
242 0 1 |a Lookout Point and Winery, Pezinok  |y eng 
245 1 0 |a Vyhliadka a vinárstvo, Pezinok 
260 |c 2024 
650 4 |a kaviareň  |2 slo 
650 4 |a Pezinok  |2 slo 
650 4 |a vinárstvo  |2 slo 
650 4 |a vyhliadka  |2 slo 
650 4 |a winery  |2 eng 
650 4 |a Pezinok  |2 eng 
650 4 |a café  |2 eng 
650 4 |a lookout  |2 eng 
700 1 |a Bátor, Jozef  |u 058180  |k Z1  |4 ths  |U FAD Fakulta architektúry a dizajnu  |T FAD Ústav architektúry občianskych budov  |X 4810  |U A8180  |Y 399  |7 A000004810 
856 4 |u http://is.stuba.sk/zp/portal_zp.pl?podrobnosti=161923